| 000 | 00623cam a22001814a 4500 | ||
|---|---|---|---|
| 020 | _a1591473608 | ||
| 020 | _a9781591473602 | ||
| 050 | 0 | 0 |
_aRC 489.C6 _bC85 2006 |
| 245 | 0 | 0 |
_aCulturally responsive cognitive-behavioral therapy : _bassessment, practice, and supervision / _cedited by Pamela A. Hays and Gayle Y. Iwamasa. |
| 250 | _a1st ed. | ||
| 260 |
_aWashington, DC : _bAmerican Psychological Association, _cc2006. |
||
| 300 | _axiii, 307 p. : | ||
| 650 | 1 | 2 | _xmethods. |
| 700 | 1 | _aHays, Pamela A. | |
| 700 | 1 | _aIwamasa, Gayle. | |
| 856 | 4 | 1 | _uhttp://www.loc.gov/catdir/toc/ecip061/2005029626.html |
| 942 |
_2lcc _cGEN |
||
| 999 |
_c14629 _d14629 |
||